[Event "ENCI Limburg-open B"]
[Site "Maastricht"]
[Date "2012.05.28"]
[Round "7"]
[White "Broekhuis, Jan"]
[Black "Sterck, Arno"]
[Result "1-0"]
[WhiteElo "1880"]
[BlackElo "1811"]
[PlyCount "51"]
[EventDate "2012.05.25"]
[EventType "swiss"]
[EventRounds "7"]
[EventCountry "NED"]
[Source "P.Boonen"]
[SourceDate "2013.01.01"]

1. e4 c5 2. Nf3 Nc6 3. Be2 g6 4. c3 Nf6 5. d3 d6 6. Na3 Bg7 7. Nc2 O-O 8. Ne3
a6 9. O-O b5 10. Qc2 Bb7 11. h3 Nd7 12. Ng5 h6 13. Nf3 Rc8 14. Ng4 h5 15. Ne3
a5 16. Nh2 b4 17. f4 Na7 18. Bd2 Nb6 19. f5 Qd7 20. Qd1 d5 21. Bxh5 gxh5 22.
Qxh5 dxe4 23. f6 Bxf6 24. Rxf6 Rc6 25. Qg5+ Kh7 26. Nf5 1-0

[Event "ENCI Limburg-open B"]
[Site "Maastricht"]
[Date "2012.05.28"]
[Round "7"]
[White "Coenen, Siegfried"]
[Black "Kuck, Ulrich"]
[Result "1-0"]
[WhiteElo "1997"]
[BlackElo "1898"]
[PlyCount "69"]
[EventDate "2012.05.25"]
[EventType "swiss"]
[EventRounds "7"]
[EventCountry "NED"]
[Source "P.Boonen"]
[SourceDate "2013.01.01"]

1. e4 d5 2. exd5 Nf6 3. Bc4 Nxd5 4. Nc3 Nb6 5. Bb3 c5 6. d3 Bf5 7. Qf3 Qd7 8.
a4 a5 9. Nb5 Nc6 10. Ne2 e5 11. O-O Be7 12. Bxf7+ Kxf7 13. g4 g6 14. gxf5 Qxf5
15. Qg2 h5 16. Ng3 Qd7 17. b3 Nd5 18. f4 Nxf4 19. Bxf4 exf4 20. Rxf4+ Kg7 21.
Raf1 Raf8 22. Rxf8 Bxf8 23. Qf2 Qe7 24. Ne4 Ne5 25. Nbd6 b6 26. Qg2 Qe6 27.
Nf5+ Kg8 28. Nf6+ Qxf6 29. Nh6+ Kg7 30. Rxf6 Kxf6 31. Qb7 Bxh6 32. Qxb6+ Kf5
33. Qxc5 Rd8 34. Qxa5 Bd2 35. Qxd8 1-0

[Event "ENCI Limburg-open B"]
[Site "Maastricht"]
[Date "2012.05.28"]
[Round "7"]
[White "Cornelius, Jorg"]
[Black "Senders, Justin"]
[Result "1-0"]
[WhiteElo "2036"]
[BlackElo "1902"]
[PlyCount "71"]
[EventDate "2012.05.25"]
[EventType "swiss"]
[EventRounds "7"]
[EventCountry "NED"]
[Source "P.Boonen"]
[SourceDate "2013.01.01"]

1. e4 c5 2. Nc3 d6 3. f4 Nf6 4. Nf3 g6 5. g3 Bg7 6. Bg2 O-O 7. O-O Nc6 8. d3 a6
9. h3 Qc7 10. Be3 Rb8 11. Qd2 b5 12. g4 b4 13. Ne2 Nd7 14. c4 bxc3 15. bxc3 Nb6
16. f5 e6 17. Bh6 exf5 18. Bxg7 Kxg7 19. gxf5 f6 20. Nf4 Qf7 21. fxg6 hxg6 22.
Qf2 Bd7 23. Qg3 Rh8 24. Rf2 Na7 25. Raf1 Nb5 26. Ne2 Nc8 27. Ng5 Qe7 28. Rxf6
Qxf6 29. Rxf6 Kxf6 30. Qf4+ Kg7 31. Qf7+ Kh6 32. Qxd7 Kxg5 33. a4 Nba7 34. Qg4+
Kh6 35. Nf4 Ne7 36. Qh4+ 1-0

[Event "ENCI Limburg-open B"]
[Site "Maastricht"]
[Date "2012.05.28"]
[Round "7"]
[White "Corvers, John"]
[Black "Lecomte, Robin"]
[Result "1/2-1/2"]
[WhiteElo "1787"]
[BlackElo "1798"]
[PlyCount "81"]
[EventDate "2012.05.25"]
[EventType "swiss"]
[EventRounds "7"]
[EventCountry "NED"]
[Source "P.Boonen"]
[SourceDate "2013.01.01"]

1. f3 e5 2. Kf2 d5 3. e3 f5 4. d4 Nd7 5. c3 Ngf6 6. b3 Bd6 7. Ba3 Qe7 8. Bxd6
Qxd6 9. Ne2 O-O 10. Qd2 b6 11. a4 Bb7 12. Na3 a6 13. Nc2 g5 14. Ng3 Qe6 15. Be2
f4 16. exf4 gxf4 17. Nf1 e4 18. Kg1 e3 19. Qe1 Qf5 20. Nb4 Qg5 21. g3 Kh8 22.
h4 Qg7 23. Rh3 Rg8 24. Kh1 Nf8 25. Nd3 Bc8 26. Rh2 fxg3 27. Rg2 Nh5 28. f4 Qh6
29. Bxh5 Qxh5 30. Rxg3 Qxh4+ 31. Kg1 Rg4 32. Qxe3 Ng6 33. Ra2 Bf5 34. Rxg4
Qxg4+ 35. Rg2 Qh4 36. Ne5 Qf6 37. Nxg6+ Bxg6 38. Qe5 Qxe5 39. fxe5 Rf8 40. Ne3
Be4 41. Rg3 1/2-1/2

[Event "ENCI Limburg-open B"]
[Site "Maastricht"]
[Date "2012.05.28"]
[Round "7"]
[White "Cromsigt, Jeroen"]
[Black "Bondarchuk, Vadim"]
[Result "0-1"]
[WhiteElo "1934"]
[BlackElo "1985"]
[PlyCount "52"]
[EventDate "2012.05.25"]
[EventType "swiss"]
[EventRounds "7"]
[EventCountry "NED"]
[Source "P.Boonen"]
[SourceDate "2013.01.01"]

1. e4 e5 2. Nf3 Nf6 3. Nxe5 d6 4. Nf3 Nxe4 5. Nc3 Nf6 6. d4 Be7 7. Bd3 O-O 8.
h3 Re8 9. Be3 Nc6 10. a3 a6 11. O-O b5 12. b4 Bb7 13. Re1 Nb8 14. Nd2 Nbd7 15.
Nde4 Bf8 16. Qf3 Rb8 17. Bg5 Be7 18. Qg3 Nxe4 19. Nxe4 Bxg5 20. Nxg5 Nf6 21. c4
h6 22. Nxf7 Rxe1+ 23. Rxe1 Kxf7 24. Qg6+ Kf8 25. cxb5 axb5 26. Qf5 Bc8 0-1

[Event "ENCI Limburg-open B"]
[Site "Maastricht"]
[Date "2012.05.28"]
[Round "7"]
[White "Erin, Igor"]
[Black "Yue, Tim"]
[Result "0-1"]
[WhiteElo "1748"]
[BlackElo "1931"]
[PlyCount "102"]
[EventDate "2012.05.25"]
[EventType "swiss"]
[EventRounds "7"]
[EventCountry "NED"]
[Source "P.Boonen"]
[SourceDate "2013.01.01"]

1. d4 Nf6 2. c4 g6 3. Nf3 Bg7 4. Nc3 d6 5. e4 O-O 6. Be2 e5 7. O-O Nc6 8. d5
Ne7 9. Qc2 Nh5 10. Ng5 Nf4 11. Bxf4 exf4 12. h4 h6 13. Nf3 f6 14. Nb5 g5 15.
hxg5 fxg5 16. c5 a6 17. cxd6 axb5 18. dxe7 Qxe7 19. Nh2 Ra6 20. Bxb5 Rg6 21.
Bc4 Kh8 22. Bd3 g4 23. e5 Rg5 24. e6 Rh5 25. g3 Qg5 26. Bg6 fxg3 27. fxg3 Bd4+
28. Kh1 Qxd5+ 29. Qe4 Rxf1+ 30. Rxf1 Bxe6 31. Rf4 Qxe4+ 32. Bxe4 Be5 33. Rf8+
Kg7 34. Re8 Bf7 35. Rxe5 Rxe5 36. Bxb7 Re1+ 37. Kg2 Re2+ 38. Kg1 Rxb2 39. Bc6
h5 40. a4 Ra2 41. Nf1 Bb3 42. Be8 Kh6 43. Ne3 Bxa4 44. Bf7 Re2 45. Nf5+ Kg5 46.
Nd4 Rd2 47. Ne6+ Kf6 48. Nc5 Kxf7 49. Nxa4 Rc2 50. Kf1 h4 51. gxh4 g3 0-1

[Event "ENCI Limburg-open B"]
[Site "Maastricht"]
[Date "2012.05.28"]
[Round "7"]
[White "Esser, Thomas"]
[Black "Dijkhuis, Sven"]
[Result "0-1"]
[WhiteElo "1985"]
[BlackElo "1712"]
[PlyCount "50"]
[EventDate "2012.05.25"]
[EventType "swiss"]
[EventRounds "7"]
[EventCountry "NED"]
[Source "P.Boonen"]
[SourceDate "2013.01.01"]

1. e4 c5 2. c3 Nf6 3. e5 Nd5 4. d4 cxd4 5. cxd4 e6 6. Nc3 Nxc3 7. bxc3 d6 8. f4
dxe5 9. fxe5 Qh4+ 10. g3 Qe4+ 11. Kf2 Be7 12. Bg2 Qf5+ 13. Nf3 O-O 14. Rf1 Qg6
15. Kg1 f6 16. Qb3 Nc6 17. exf6 Bxf6 18. Ba3 Re8 19. Rae1 Kh8 20. d5 exd5 21.
Nh4 Qf7 22. Bxd5 Qd7 23. Bf7 Rxe1 24. Rxe1 Ne5 25. Be6 Qxe6 0-1

[Event "ENCI Limburg-open B"]
[Site "Maastricht"]
[Date "2012.05.28"]
[Round "7"]
[White "Gerlagh, Joris"]
[Black "Moog, Gerhard"]
[Result "1-0"]
[WhiteElo "1777"]
[BlackElo "1964"]
[PlyCount "30"]
[EventDate "2012.05.25"]
[EventType "swiss"]
[EventRounds "7"]
[EventCountry "NED"]
[Source "P.Boonen"]
[SourceDate "2013.01.01"]

1. e4 e6 2. d4 d5 3. e5 c5 4. c3 Bd7 5. Nf3 Nc6 6. Bd3 h6 7. O-O cxd4 8. cxd4
Qb6 9. Nc3 Nxd4 10. Nxd4 Qxd4 11. Nb5 Qxe5 12. Re1 Qb8 13. Qf3 a6 14. Bf4 axb5
15. Bxb8 Rxb8 1-0

[Event "ENCI Limburg-open B"]
[Site "Maastricht"]
[Date "2012.05.28"]
[Round "7"]
[White "Goes, Dirk"]
[Black "Begri, Felix"]
[Result "1-0"]
[WhiteElo "1954"]
[BlackElo "1893"]
[PlyCount "159"]
[EventDate "2012.05.25"]
[EventType "swiss"]
[EventRounds "7"]
[EventCountry "NED"]
[Source "P.Boonen"]
[SourceDate "2013.01.01"]

1. d4 Nf6 2. Bg5 Ne4 3. Bh4 g5 4. f3 gxh4 5. fxe4 c5 6. e3 d5 7. exd5 Qxd5 8.
Qf3 Qxf3 9. Nxf3 Bg7 10. c3 cxd4 11. exd4 Bf6 12. Bd3 Nc6 13. Nbd2 h3 14. Ne4
Bg7 15. O-O hxg2 16. Kxg2 Rg8 17. Kh1 Bh3 18. Rg1 O-O-O 19. Rg3 f5 20. Rxh3
fxe4 21. Bxe4 Bf6 22. Bxh7 Rgf8 23. Re1 Bh8 24. Be4 Na5 25. Kg2 Nc4 26. Re2 Bf6
27. Bf5+ Kb8 28. Be6 Nb6 29. Rh5 Rd6 30. h4 a6 31. Rf5 Rh8 32. h5 Na8 33. Nh2
Nc7 34. Bb3 Ne8 35. Bf7 Ng7 36. Rf3 Nxh5 37. Ng4 Bh4 38. Ne5 Bg5 39. Bxh5 Rxh5
40. Rf5 Rdh6 41. Nf3 Bf6 42. Rxh5 Rxh5 43. Ne5 Kc7 44. Kf3 Rh3+ 45. Ke4 Rh4+
46. Kd5 Rh5 47. Ke6 Rg5 48. c4 Rg1 49. d5 Rd1 50. c5 Bg5 51. Nf7 Bf4 52. d6+
exd6 53. cxd6+ Bxd6 54. Rc2+ Kb6 55. Nxd6 Re1+ 56. Kd7 Rh1 57. Rc3 Rh7+ 58. Ke6
Rh6+ 59. Ke5 Rh5+ 60. Kd4 Rh4+ 61. Ne4 Ka7 62. b4 Rh2 63. a4 Ra2 64. a5 Ra4 65.
Kc5 Ra1 66. Nd6 Rh1 67. Nc8+ Kb8 68. Nb6 Rh5+ 69. Kc4 Kc7 70. Rg3 Rh4+ 71. Kc5
Rh5+ 72. Nd5+ Kc8 73. Rg8+ Kd7 74. Rb8 Ke6 75. Rxb7 Rxd5+ 76. Kb6 Rd6+ 77. Ka7
Kd5 78. Rb6 Rd7+ 79. Kxa6 Kc4 80. Rb7 1-0

[Event "ENCI Limburg-open B"]
[Site "Maastricht"]
[Date "2012.05.28"]
[Round "7"]
[White "Gunther, Marcella"]
[Black "Blom, Huub"]
[Result "1-0"]
[WhiteElo "1937"]
[BlackElo "1846"]
[PlyCount "67"]
[EventDate "2012.05.25"]
[EventType "swiss"]
[EventRounds "7"]
[EventCountry "NED"]
[Source "P.Boonen"]
[SourceDate "2013.01.01"]

1. e4 e6 2. d4 d5 3. Nc3 Bb4 4. e5 c5 5. a3 Bxc3+ 6. bxc3 Qa5 7. Bd2 Qa4 8. Qg4
g6 9. Ra2 Nc6 10. Nf3 h6 11. Bd3 Nge7 12. O-O Bd7 13. Rb1 c4 14. Be2 O-O-O 15.
h4 Rdg8 16. Nh2 Nf5 17. Nf1 b6 18. Qh3 Be8 19. Bg4 Na5 20. Bxf5 gxf5 21. Ng3 f6
22. exf6 Bg6 23. Bf4 Qe8 24. Be5 Rh7 25. Ne2 Nc6 26. Nf4 Nxe5 27. dxe5 Rd7 28.
Qe3 Bf7 29. a4 Rb7 30. Rb5 Qc6 31. Rab2 Kc7 32. a5 Rbb8 33. g3 Rb7 34. Ne2 1-0

[Event "ENCI Limburg-open B"]
[Site "Maastricht"]
[Date "2012.05.28"]
[Round "7"]
[White "Heijenrath, Jan"]
[Black "Tutenel, Erik"]
[Result "0-1"]
[WhiteElo "1759"]
[BlackElo "1819"]
[PlyCount "52"]
[EventDate "2012.05.25"]
[EventType "swiss"]
[EventRounds "7"]
[EventCountry "NED"]
[Source "P.Boonen"]
[SourceDate "2013.01.01"]

1. d4 d5 2. Nf3 Nf6 3. Bg5 Ne4 4. Bh4 c5 5. e3 Nc6 6. c3 Qb6 7. b3 f6 8. Bd3 g5
9. Bxg5 fxg5 10. Bxe4 dxe4 11. Nxg5 Bf5 12. Nd2 Bg7 13. Ngxe4 cxd4 14. exd4
O-O-O 15. Qe2 Rhf8 16. O-O e5 17. Nc4 Qc7 18. dxe5 Nxe5 19. Nxe5 Bxe5 20. Ng3
Bd7 21. Rfe1 Rde8 22. Ne4 Bxh2+ 23. Kh1 Bf5 24. f3 Bg3 25. Rec1 Qc6 26. Qc4
Qxc4 0-1

[Event "ENCI Limburg-open B"]
[Site "Maastricht"]
[Date "2012.05.28"]
[Round "7"]
[White "Hogerhorst, Tony"]
[Black "Freer, Glenn"]
[Result "1-0"]
[WhiteElo "1950"]
[BlackElo "1913"]
[PlyCount "99"]
[EventDate "2012.05.25"]
[EventType "swiss"]
[EventRounds "7"]
[EventCountry "NED"]
[Source "P.Boonen"]
[SourceDate "2013.01.01"]

1. e4 d6 2. d4 Nf6 3. Bd3 g6 4. h3 Bg7 5. Nf3 O-O 6. O-O c5 7. d5 c4 8. Bxc4
Nxe4 9. Qe2 Nf6 10. Bb3 Nbd7 11. c4 a5 12. Nc3 Nc5 13. Bc2 b6 14. Be3 Bd7 15.
Rad1 Re8 16. Rfe1 a4 17. Nd4 Qc8 18. Qf3 a3 19. b3 Ng4 20. hxg4 Bxg4 21. Qg3
Bxd1 22. Rxd1 Nd7 23. Ncb5 Ra6 24. Nc6 Ne5 25. Ncd4 Nd7 26. Bb1 Ne5 27. f4 Ng4
28. Bc1 h5 29. Nc6 Nh6 30. Qg5 Qg4 31. Qxg4 Nxg4 32. Nc7 Raa8 33. Nxe8 Rxe8 34.
Bxa3 Bf6 35. Re1 Kf8 36. Bc1 Rc8 37. Be4 Bh4 38. Re2 Rc7 39. Bb2 Bg3 40. f5 g5
41. Bf3 Nh6 42. f6 g4 43. fxe7+ Ke8 44. Be4 Bh4 45. Bh7 g3 46. Bg7 Ng4 47. Bd4
Bxe7 48. Bxb6 Rb7 49. Bd8 Ne5 50. Bxe7 1-0

[Event "ENCI Limburg-open B"]
[Site "Maastricht"]
[Date "2012.05.28"]
[Round "7"]
[White "Huebben, Dominik"]
[Black "Cebula, Jerzy"]
[Result "0-1"]
[WhiteElo "1820"]
[BlackElo "1993"]
[PlyCount "78"]
[EventDate "2012.05.25"]
[EventType "swiss"]
[EventRounds "7"]
[EventCountry "NED"]
[Source "P.Boonen"]
[SourceDate "2013.01.01"]

1. e4 e5 2. Nf3 Nc6 3. Bc4 Nf6 4. d3 Bc5 5. c3 d6 6. Bb3 h6 7. Nbd2 O-O 8. O-O
a6 9. h3 Rb8 10. a4 Be6 11. a5 Ba7 12. Re1 Qe7 13. Nc4 Kh8 14. Ne3 Bxb3 15.
Qxb3 Qe6 16. Qc2 Ne7 17. Nh4 Bxe3 18. Bxe3 g5 19. Nf3 Ng6 20. d4 Ra8 21. d5 Qd7
22. Nh2 Nf4 23. f3 h5 24. Bxf4 gxf4 25. Kh1 Nh7 26. Qf2 Qe7 27. c4 Rg8 28. Rg1
Rg3 29. Nf1 Rag8 30. b4 Qh4 31. Nxg3 Rxg3 32. Ra2 Ng5 33. Qf1 Nxh3 34. gxh3
Rxh3+ 35. Qxh3 Qxh3+ 36. Rh2 Qxf3+ 37. Rgg2 Kh7 38. b5 Kh6 39. Rxh5+ Kxh5 0-1

[Event "ENCI Limburg-open B"]
[Site "Maastricht"]
[Date "2012.05.28"]
[Round "7"]
[White "Ibrahim, Ashraf"]
[Black "Behr, Rene Christian"]
[Result "1/2-1/2"]
[WhiteElo "1749"]
[BlackElo "1820"]
[PlyCount "64"]
[EventDate "2012.05.25"]
[EventType "swiss"]
[EventRounds "7"]
[EventCountry "NED"]
[Source "P.Boonen"]
[SourceDate "2013.01.01"]

1. d4 e6 2. c4 c5 3. d5 exd5 4. cxd5 d6 5. Nc3 g6 6. e4 a6 7. a4 Bg7 8. Bd3 Nf6
9. f4 O-O 10. Nf3 Bg4 11. O-O Nbd7 12. h3 Bxf3 13. Qxf3 Qc7 14. a5 Rfe8 15. Bd2
c4 16. Bc2 b5 17. Na2 Nc5 18. Rfe1 Nb7 19. Nb4 Nd7 20. Bc3 Nxa5 21. Bxg7 Kxg7
22. Kh1 Nc5 23. e5 Nab3 24. Bxb3 Nxb3 25. Rad1 Nc5 26. f5 dxe5 27. f6+ Kh8 28.
d6 Qc8 29. Qe3 Nd7 30. Nd5 Re6 31. Nc7 Rxf6 32. Nxa8 Qxa8 1/2-1/2

[Event "ENCI Limburg-open B"]
[Site "Maastricht"]
[Date "2012.05.28"]
[Round "7"]
[White "Johnen, Franz"]
[Black "Vaneylen, Urbain"]
[Result "1-0"]
[WhiteElo "1845"]
[BlackElo "1710"]
[PlyCount "135"]
[EventDate "2012.05.25"]
[EventType "swiss"]
[EventRounds "7"]
[EventCountry "NED"]
[Source "P.Boonen"]
[SourceDate "2013.01.01"]

1. c4 e6 2. Nc3 c6 3. d4 d5 4. e3 Nf6 5. Nf3 Be7 6. Be2 Nbd7 7. O-O O-O 8. Qc2
dxc4 9. Bxc4 Nd5 10. a3 f5 11. e4 fxe4 12. Qxe4 N7f6 13. Qc2 Nxc3 14. bxc3 Nd5
15. Bd3 Rf5 16. Bxf5 exf5 17. Bd2 Bd6 18. c4 Nf6 19. c5 Bc7 20. Qc4+ Nd5 21.
Bg5 Qf8 22. Rfe1 Kh8 23. g3 Bd7 24. Re2 f4 25. Ne5 Bxe5 26. Rxe5 fxg3 27. fxg3
Bh3 28. Qe2 Qf7 29. Re1 h6 30. Bd2 Qg6 31. Re8+ Rxe8 32. Qxe8+ Kh7 33. Qxg6+
Kxg6 34. Kf2 Kf7 35. Kf3 h5 36. Rb1 Bc8 37. Kg2 Nc7 38. a4 Nd5 39. Rf1+ Ke8 40.
a5 a6 41. h3 Nf6 42. Bg5 Kf7 43. Rf4 Kg6 44. Bxf6 gxf6 45. Re4 Kf7 46. g4 Be6
47. Kg3 hxg4 48. hxg4 f5 49. Rf4 Kg6 50. gxf5+ Bxf5 51. Kh4 Kf6 52. Kh5 Ke6 53.
Kg5 Bd3 54. Rf6+ Kd5 55. Rd6+ Kc4 56. Rd7 Be4 57. Kf4 Bd5 58. Ke5 Kb4 59. Rxb7+
Kxa5 60. Kd6 Be4 61. Rb6 Bd5 62. Kc7 Be4 63. Kb7 Bd5 64. Rxa6+ Kb5 65. Rb6+ Kc4
66. Kc7 Kxd4 67. Kd6 Kc4 68. Rxc6 1-0

[Event "ENCI Limburg-open B"]
[Site "Maastricht"]
[Date "2012.05.28"]
[Round "7"]
[White "Kremer, Nadine"]
[Black "Dijkstra, Hidde"]
[Result "0-1"]
[WhiteElo "1690"]
[BlackElo "1665"]
[PlyCount "50"]
[EventDate "2012.05.25"]
[EventType "swiss"]
[EventRounds "7"]
[EventCountry "NED"]
[Source "P.Boonen"]
[SourceDate "2013.01.01"]

1. e4 e5 2. Nf3 Nc6 3. Bb5 a6 4. Bxc6 dxc6 5. O-O Bd6 6. d4 Bg4 7. dxe5 Bxf3 8.
Qxf3 Bxe5 9. Rd1 Qe7 10. Qd3 Nf6 11. f4 Bd6 12. e5 Bc5+ 13. Be3 Bxe3+ 14. Qxe3
Nd5 15. Qd4 O-O 16. c4 Nb6 17. Na3 Rad8 18. Qc3 Rd7 19. Rd2 Rxd2 20. Qxd2 Rd8
21. Qc2 Qc5+ 22. Kh1 Qd4 23. Rf1 Qe3 24. Rd1 Rd4 25. Rxd4 Qe1# 0-1

[Event "ENCI Limburg-open B"]
[Site "Maastricht"]
[Date "2012.05.28"]
[Round "7"]
[White "Lemmen, Raoul"]
[Black "Karstens, Lex"]
[Result "1/2-1/2"]
[WhiteElo "1907"]
[BlackElo "1854"]
[PlyCount "48"]
[EventDate "2012.05.25"]
[EventType "swiss"]
[EventRounds "7"]
[EventCountry "NED"]
[Source "P.Boonen"]
[SourceDate "2013.01.01"]

1. d4 Nf6 2. c4 e5 3. dxe5 Ng4 4. Nf3 Bc5 5. e3 Nc6 6. a3 a5 7. b3 O-O 8. Be2
Re8 9. O-O Ngxe5 10. Nxe5 Nxe5 11. Nd2 Ra6 12. Ne4 Ba7 13. Ng3 Qh4 14. Nf5 Qf6
15. Nd4 Rd6 16. Qc2 Bxd4 17. exd4 Nc6 18. Bb2 Nxd4 19. Bxd4 Qxd4 20. Rad1 Qf6
21. Bd3 g6 22. c5 Rde6 23. Bc4 R6e7 24. Qd2 b6 1/2-1/2

[Event "ENCI Limburg-open B"]
[Site "Maastricht"]
[Date "2012.05.28"]
[Round "7"]
[White "Marinc, Damir"]
[Black "Drose, Daniela"]
[Result "1-0"]
[WhiteElo "2012"]
[BlackElo "1964"]
[PlyCount "111"]
[EventDate "2012.05.25"]
[EventType "swiss"]
[EventRounds "7"]
[EventCountry "NED"]
[Source "P.Boonen"]
[SourceDate "2013.01.01"]

1. e4 d5 2. exd5 Qxd5 3. Nc3 Qd6 4. d4 Nf6 5. h3 a6 6. Nf3 Bf5 7. Be3 Nc6 8. a3
O-O-O 9. Bc4 e5 10. d5 Qe7 11. Qe2 Nd4 12. Bxd4 exd4 13. Qxe7 Bxe7 14. Nxd4 Be4
15. Nxe4 Nxe4 16. Rd1 Bg5 17. Nf3 Bf6 18. c3 b5 19. Ba2 c5 20. O-O Kc7 21. Rfe1
Rhe8 22. Kf1 g6 23. Bb1 Nd6 24. Ba2 Ne4 25. Nh2 Bg5 26. Nf3 Bf6 27. Bb3 a5 28.
Re2 c4 29. Bc2 Nd6 30. Red2 Kb6 31. Bb1 Kc5 32. g3 Re7 33. Nd4 Bxd4 34. Rxd4
Rde8 35. R4d2 Ne4 36. Bxe4 Rxe4 37. d6 R4e6 38. d7 Rd8 39. f4 Kc6 40. Rd5 Re7
41. Rd6+ Kc7 42. R1d5 b4 43. axb4 axb4 44. cxb4 Rexd7 45. Rxd7+ Rxd7 46. Rxd7+
Kxd7 47. Ke2 Kc6 48. Kd2 Kb5 49. Kc3 f6 50. g4 h5 51. gxh5 gxh5 52. h4 f5 53.
b3 cxb3 54. Kxb3 Kb6 55. Kc4 Kc6 56. Kd4 1-0

[Event "ENCI Limburg-open B"]
[Site "Maastricht"]
[Date "2012.05.28"]
[Round "7"]
[White "Mischke, Daniel"]
[Black "Uckerman, John"]
[Result "1/2-1/2"]
[WhiteElo "1718"]
[BlackElo "1762"]
[PlyCount "120"]
[EventDate "2012.05.25"]
[EventType "swiss"]
[EventRounds "7"]
[EventCountry "NED"]
[Source "P.Boonen"]
[SourceDate "2013.01.01"]

1. d4 Nf6 2. c4 e6 3. Nf3 b6 4. g3 Bb7 5. Bg2 d6 6. O-O Nbd7 7. b3 Be7 8. Bb2
O-O 9. Nbd2 Re8 10. Re1 Bf8 11. e4 e5 12. Qc2 a5 13. dxe5 dxe5 14. Rad1 Bd6 15.
a3 Qe7 16. Qc1 Nc5 17. Qc2 Ncd7 18. Qc1 g6 19. Re2 Nc5 20. Qc2 Bc8 21. h3 Bb7
22. a4 Rad8 23. Bc3 Qf8 24. Kh2 Qh6 25. h4 Ng4+ 26. Kg1 f6 27. Nf1 Qf8 28. Bh3
Bc8 29. Kg2 h5 30. Ne3 Na6 31. Nd5 Bc5 32. Bxg4 hxg4 33. Ne1 c6 34. Ne3 Bd4 35.
Nd3 f5 36. Nxe5 Bxe5 37. Rxd8 Rxd8 38. Bxe5 Nb4 39. Qb1 Nd3 40. Bc7 Rd7 41.
exf5 Qe8 42. Nxg4 Qxe2 43. Nf6+ Kf7 44. Nxd7 Qxf2+ 45. Kh1 Qf3+ 46. Kh2 Bxd7
47. fxg6+ Kxg6 48. Bxb6 Qe2+ 49. Kh1 Bh3 50. Qg1 Ne1 51. h5+ Kxh5 52. Qc5+ Kg6
53. Qxc6+ Be6 54. Qe8+ Kf5 55. Qf8+ Ke4 56. Qf4+ Kd3 57. Qd4+ Kc2 58. Qf2 Qxf2
59. Bxf2 Nd3 60. Bb6 Kxb3 1/2-1/2

[Event "ENCI Limburg-open B"]
[Site "Maastricht"]
[Date "2012.05.28"]
[Round "7"]
[White "Modder, Frank"]
[Black "Tuerlinckx, Ben"]
[Result "0-1"]
[WhiteElo "1896"]
[BlackElo "1958"]
[PlyCount "70"]
[EventDate "2012.05.25"]
[EventType "swiss"]
[EventRounds "7"]
[EventCountry "NED"]
[Source "P.Boonen"]
[SourceDate "2013.01.01"]

1. d4 c5 2. d5 g6 3. c4 Bg7 4. g3 d6 5. Nc3 Nf6 6. Bg2 O-O 7. Nf3 Na6 8. O-O
Nc7 9. Re1 Bg4 10. h3 Bxf3 11. Bxf3 Rb8 12. Bd2 a6 13. a4 b6 14. Qc2 Nd7 15.
Bg2 b5 16. axb5 axb5 17. Nxb5 Nxb5 18. cxb5 Rxb5 19. Bc3 Qb6 20. e4 Rb8 21. Bf1
Bxc3 22. Bxb5 Bxe1 23. Bxd7 Bb4 24. Bc6 c4 25. Ra2 Bc5 26. Kg2 Bd4 27. Qxc4
Bxf2 28. b4 Be1 29. b5 Qe3 30. g4 Bh4 31. Qe2 Qg3+ 32. Kh1 Qxh3+ 33. Kg1 Bf6
34. Ra4 Qg3+ 35. Kh1 Be5 0-1

[Event "ENCI Limburg-open B"]
[Site "Maastricht"]
[Date "2012.05.28"]
[Round "7"]
[White "Paajala, Niki"]
[Black "Henrotte, Nils"]
[Result "1-0"]
[WhiteElo "1967"]
[BlackElo "1969"]
[PlyCount "49"]
[EventDate "2012.05.25"]
[EventType "swiss"]
[EventRounds "7"]
[EventCountry "NED"]
[Source "P.Boonen"]
[SourceDate "2013.01.01"]

1. e4 e6 2. d3 d5 3. Nd2 Nf6 4. g3 c5 5. Bg2 Nc6 6. Ngf3 Be7 7. O-O O-O 8. Re1
Re8 9. Qe2 Rb8 10. e5 Nd7 11. Nf1 b5 12. h4 a5 13. Bf4 Ba6 14. Ne3 b4 15. b3
Nb6 16. Rad1 d4 17. Ng4 Nd5 18. Bd2 h6 19. Nfh2 h5 20. Nh6+ gxh6 21. Qxh5 Bf8
22. Bxd5 Qxd5 23. Ng4 Bg7 24. Bxh6 Nxe5 25. Nxe5 1-0

[Event "ENCI Limburg-open B"]
[Site "Maastricht"]
[Date "2012.05.28"]
[Round "7"]
[White "Persoons, Bart"]
[Black "Freer, Robert"]
[Result "1/2-1/2"]
[WhiteElo "1760"]
[BlackElo "1830"]
[PlyCount "135"]
[EventDate "2012.05.25"]
[EventType "swiss"]
[EventRounds "7"]
[EventCountry "NED"]
[Source "P.Boonen"]
[SourceDate "2013.01.01"]

1. d4 d5 2. c4 c6 3. Nf3 Nf6 4. Nc3 e6 5. Bg5 Nbd7 6. e3 Be7 7. cxd5 exd5 8.
Bd3 O-O 9. O-O Ne4 10. Bxe7 Qxe7 11. Qc2 f5 12. Rae1 Qd6 13. Nd2 Nxd2 14. Qxd2
Nf6 15. f3 Be6 16. Na4 Rad8 17. Nc5 Bc8 18. Qc2 b6 19. Nb3 g6 20. Rc1 Bd7 21.
Ba6 Rfe8 22. Rfe1 Re6 23. a4 Rde8 24. Qc3 f4 25. exf4 Qxf4 26. Rxe6 Rxe6 27.
Re1 Kf7 28. Rxe6 Kxe6 29. a5 Kd6 30. axb6 axb6 31. g3 Qf5 32. Bf1 Qe6 33. Kg2
Qe8 34. Qd2 Ke6 35. Qb4 Qd8 36. Qe1+ Kf7 37. Qb4 Qc7 38. Qc3 Ne8 39. Qe3 Ng7
40. Bd3 Bf5 41. Kf2 Bxd3 42. Qxd3 Ne6 43. Qd2 Qd6 44. Nc1 c5 45. Ne2 Qc6 46.
Qh6 Kg8 47. Qe3 Qd6 48. Qa3 Kg7 49. Qa7+ Qc7 50. Qxc7+ Nxc7 51. dxc5 bxc5 52.
b3 Kf6 53. Ke3 Ke5 54. Nf4 Nb5 55. Nd3+ Kd6 56. h4 Nd4 57. Nc1 Nf5+ 58. Kf2 c4
59. bxc4 dxc4 60. Ne2 Kc5 61. g4 Nd4 62. f4 Nb5 63. f5 gxf5 64. g5 Kd6 65. h5
Ke7 66. Ke3 Nd6 67. Kf4 Ke6 68. Nd4+ 1/2-1/2

[Event "ENCI Limburg-open B"]
[Site "Maastricht"]
[Date "2012.05.28"]
[Round "7"]
[White "Peter, Laurenz"]
[Black "Kocur, Marc"]
[Result "0-1"]
[WhiteElo "1880"]
[BlackElo "1871"]
[PlyCount "78"]
[EventDate "2012.05.25"]
[EventType "swiss"]
[EventRounds "7"]
[EventCountry "NED"]
[Source "P.Boonen"]
[SourceDate "2013.01.01"]

1. d4 d6 2. Nf3 Bg4 3. Nbd2 c6 4. g3 Qc7 5. Bg2 Nd7 6. c4 Ngf6 7. O-O e5 8. Qc2
Bh5 9. e3 Be7 10. b3 O-O 11. Ba3 c5 12. Bb2 Rfe8 13. Qc3 Bf8 14. Nh4 Rac8 15.
d5 b5 16. cxb5 Be2 17. Rfe1 Bxb5 18. f4 Nb6 19. e4 c4 20. Rac1 Qc5+ 21. Qe3
Qxe3+ 22. Rxe3 exf4 23. gxf4 Nfxd5 24. Rg3 c3 25. Bxc3 Nxf4 26. Bf1 Bxf1 27.
Kxf1 d5 28. Nf5 g6 29. Rf3 Ne6 30. exd5 Nxd5 31. Ng3 Bh6 32. Nge4 Ng5 33. Rd3
Nxe4 34. Nxe4 Bxc1 35. Rxd5 Rxe4 36. Be5 Re8 37. Bc3 Re2 38. b4 Rc2 39. Rc5
Rxh2 0-1

[Event "ENCI Limburg-open B"]
[Site "Maastricht"]
[Date "2012.05.28"]
[Round "7"]
[White "Pijlman, Rene"]
[Black "Van der Velde, Wytse"]
[Result "0-1"]
[WhiteElo "1990"]
[BlackElo "1934"]
[PlyCount "116"]
[EventDate "2012.05.25"]
[EventType "swiss"]
[EventRounds "7"]
[EventCountry "NED"]
[Source "P.Boonen"]
[SourceDate "2013.01.01"]

1. e4 e5 2. Nf3 Nc6 3. d4 exd4 4. Bc4 Bc5 5. c3 Nf6 6. cxd4 Bb4+ 7. Bd2 Bxd2+
8. Nbxd2 d5 9. exd5 Nxd5 10. O-O O-O 11. Ne4 Bg4 12. h3 Bxf3 13. Qxf3 Nxd4 14.
Qd3 Nb6 15. Rfd1 Ne6 16. Qg3 Qe7 17. Bd3 Rad8 18. a3 Na4 19. Qe5 c6 20. b4 Rd5
21. Qg3 Nb2 22. Rd2 Rxd3 23. Rxd3 Nxd3 24. Qxd3 Rd8 25. Qc4 Rd4 26. Qc2 h6 27.
Rb1 Qh4 28. Ng3 Qd8 29. Rb2 Rd1+ 30. Kh2 Qd6 31. Rb1 Rd2 32. Qf5 Nd4 33. Qc8+
Kh7 34. Kh1 Rxf2 35. Ne4 Qg6 36. Qg4 Qxg4 37. hxg4 Rf4 38. Nd6 b5 39. Rd1 Kg6
40. Re1 Rxg4 41. Re7 Rh4+ 42. Kg1 Rf4 43. g3 Rf3 44. Rxa7 Rxg3+ 45. Kf2 Rf3+
46. Kg2 h5 47. Nc8 h4 48. Ra6 Rg3+ 49. Kf2 Rc3 50. a4 bxa4 51. Ne7+ Kh5 52.
Rxa4 Rf3+ 53. Kg1 h3 54. Ra6 Ne2+ 55. Kh2 Kg4 56. Rxc6 Rf2+ 57. Kh1 Ng3+ 58.
Kg1 Rg2# 0-1